000 005260000a22001690004500
041 0 _aSPA
082 0 4 _aG 280.042 H7161e
100 1 _aHogg, William Richey (1921-)
245 1 0 _aEcumenical foundations : A history of the International Missionary Council and its nineteenth-century background / William Richey Hogg
260 _aNew York, USA : Harper
300 _a466 Pag
001 8619
942 _cBK
999 _c38753
_d38753
336 _atexto
_btxt
_2rdacontent
337 _2rdamedia
_asin mediación
_bn
338 _2rdacarrier
_avolumen
_bnc